The Incredibles / (Record no. 49376)
| 000 -LEADER | |
|---|---|
| fixed length control field | 00674nam a2200145 4500 |
| 020 ## - INTERNATIONAL STANDARD BOOK NUMBER | |
| International Standard Book Number | 9781844224777 |
| 100 ## - MAIN ENTRY--PERSONAL NAME | |
| Personal name | Ladybird, |
| Relator term | Publisher. |
| 9 (RLIN) | 62097 |
| 245 ## - TITLE STATEMENT | |
| Title | The Incredibles / |
| Remainder of title | Disney Presents a Pixar Film. |
| Statement of responsibility, etc | by Ladybird. |
| 260 ## - PUBLICATION, DISTRIBUTION, ETC. (IMPRINT) | |
| Place of publication, distribution, etc | London : |
| Name of publisher, distributor, etc | Ladybird ; |
| Date of publication, distribution, etc | 2004. |
| 300 ## - PHYSICAL DESCRIPTION | |
| Extent | 48 pages. |
| Dimensions | 12.2 x 0.8 x 18.9 cm. |
| 500 ## - GENERAL NOTE | |
| General note | Bob Parr used to be one of the world's greatest superheroes - Mr Incredible. Now he's a clock-punching insurance claims adjuster fighing boredom and not crime. But it is time for him to come out of retirement to fight an evil genius! |
| 650 ## - SUBJECT ADDED ENTRY--TOPICAL TERM | |
| 9 (RLIN) | 59112 |
| Topical term or geographic name as entry element | Superheroes. |
| 650 #0 - SUBJECT ADDED ENTRY--TOPICAL TERM | |
| 9 (RLIN) | 74802 |
| Topical term or geographic name as entry element | Disney characters |
| Form subdivision | Juvenile fiction. |
| 942 ## - ADDED ENTRY ELEMENTS (KOHA) | |
| Source of classification or shelving scheme | |
| Koha item type | Book |
| Withdrawn status | Lost status | Source of classification or shelving scheme | Damaged status | Not for loan | Home library | Current library | Date acquired | Total Checkouts | Full call number | Barcode | Date last seen | Date checked out | Price effective from | Koha item type | Public note |
|---|---|---|---|---|---|---|---|---|---|---|---|---|---|---|---|
| Logos International School | Logos International School | 08/21/2025 | 4 | X DIS | 042881 | 02/05/2026 | 01/29/2026 | 08/21/2025 | Book | Basket 26 |